Footballing Last Names in the English Language #2 - Statistics

General Stats
  • This quiz has been taken 14 times
  • The average score is 7 of 15
Answer Stats
Hint Answer % Correct
Lanky forward famous for his robot celebration Peter Crouch
85%
Player who trademarked the “cold” celebration Cole Palmer
77%
South Korean legend currently in MLS Heung-Min Son
77%
German winger who played for Man City and Bayern Munich Leroy Sane
69%
Winger who played for Arsenal, City, Chelsea, and Liverpool Raheem Sterling
69%
Welsh second-top all time goal scorer Ian Rush
54%
Young left back for Newcastle United Lewis Hall
46%
Dutch veteran defender who played for Man United and Bayern Daley Blind
38%
Versatile Dutch defender playing for Arsenal Jurrien Timber
38%
Female center back for England and Chelsea Millie Bright
38%
24-year-old German midfielder for VFB Stuttgart Angelo Stiller
31%
Female right back for England and Chelsea Lucy Bronze
23%
Fullback for Chelsea who plays with much intensity Malo Gusto
23%
Former last name of a female USA forward, shared by a Canadian Sophia Smith/Olivia Smith
23%
Better than Beckham for what she did in ‘22 Beth Mead
15%
No matching quizzes found
Score Distribution
Percent of People with Each Score
Percentile by Number Answered
Your Score History
You have not taken this quiz